Flags of Countries/Territories Bad Bunny Shouted Out at Super Bowl LX - Statistics

General Stats
  • This quiz has been taken 41 times
  • The average score is 23 of 25
Answer Stats
Picture Answer % Correct
Argentina
97%
Brazil
97%
Canada
97%
Colombia
97%
Jamaica
97%
Mexico
97%
United States
97%
Chile
94%
Cuba
94%
Venezuela
94%
Ecuador
91%
Honduras
91%
Puerto Rico
91%
Uruguay
91%
Haiti
89%
Panama
89%
Paraguay
89%
Bolivia
86%
Dominican Republic
86%
Peru
86%
Costa Rica
83%
Guyana
83%
El Salvador
80%
Guatemala
80%
Nicaragua
77%
No matching quizzes found
Score Distribution
Percent of People with Each Score
Percentile by Number Answered
Your Score History
You have not taken this quiz